Quizzes
Events
Quiz Creation
Community
Videos
Private Events
Remove Ads
Sign In
Join for FREE
Feedback
Dark Mode
Quiz Categories
Sports
Geography
Music
Movies
Television
Just For Fun
Miscellaneous
History
Literature
Language
Science
Gaming
Entertainment
Religion
Holiday
For Kids
Quiz Lab
Recent
Popular Today
Quiz Kudos Today
Editor Picks
Curator Picks
Quizzes by...
Day
Popularity
Type
Ratings
Length
Year
Community
Subscriptions
Recent Discussions
Orange Saloon
Badges
Playlists
Quests
Create
Leaderboards
Showdown
Live 5
Trivia Bingo
Activity
Puzzle Library
Sporcle Events
Private Events
Virtual Trivia
Globe League
Become a Host
Pub Owners
SporcleCon
Opinionation
Our Games
Videos
Blog
Mobile Apps
Partnerships
Remove Ads and Go Orange
Feedback
Geography
Country
Landmarks
City
State
Population
World
Capital
Continent
Flags
Europe
Africa
Asia
South America
North America
Oceania
Border
Canada
United Kingdom
Topography
United States
Geography
Country
Landmarks
City
State
Population
World
Capital
Continent
Flags
Europe
Africa
Asia
South America
North America
Oceania
Border
Canada
United Kingdom
Topography
United States
Random Quiz
Search Sporcle
×
Quiz Lab
Quiz Lab
Geography
Nintendo
Type in answers that appear in a list
Type in answers that appear in a list
Classic
Best Score? Go Orange.
Minnesota cities 2010 Stats
Can you name the largest Minnesota cities according to the 2010 census results?
By
MarcoMt
3m
20 Questions
61 Plays
61 Plays
61 Plays
Comments
Comments
Give Quiz Kudos
Give Quiz Kudos
-
- Ratings
hide this ad
No Skip
Answers have to be entered in order without skipping
Answers have to be entered in order without skipping
Replay
Link that replays current quiz
Next Quiz
Link to next quiz in quiz playlist
You Got
0%
They Got
Avg Score
48%
Avg Friend Score
Upgrade to see
Score Distribution
Jump to the score distribution portion of the page
Score
0/20
Timer
03:00
0
Plays Today
County - population
city
% Correct
?
???
100%
?
???
90.2%
?
???
86.9%
?
???
80.3%
?
???
75.4%
?
???
60.7%
?
???
54.1%
?
???
50.8%
?
???
41%
?
???
41%
County - population
city
% Correct
?
???
37.7%
?
???
34.4%
?
???
31.1%
?
???
31.1%
?
???
27.9%
?
???
26.2%
?
???
26.2%
?
???
23%
?
???
23%
?
???
19.7%
Quiz Playlist
Details
Report
Send in Message
Add To Playlist
Classic:
Type in answers that appear in a list
No Skip:
Answers have to be entered in order without skipping
Last Updated: Feb 16, 2017
Quiz Scoreboard
CHALLENGE
Sign Up to Join the Scoreboard
Show All
Scores
Hide
Comments
May contain spoilers
Recently Published
NBA Finals Game Top Scorers (2010s)
by flibbidy
Sports
5m
Guess the 'R' Things in 3 Words
by MSUKent
Miscellaneous
3m
Actor to Badly Drawn Movie III
by MoMosMoProblems
Movies
5m
More to Explore
Quiz From the Vault
Featured Blog Post
Where Does Lost Luggage Go?
hide this ad
You Might Also Like...
Tags
Nintendo Quiz
2010
census
largest
Largest City
Minnesota Cities
Today's Top Quizzes in Geography
Browse Geography
hide this ad
Today's Top Quizzes in Nintendo
Browse Nintendo
Top Contributed Quizzes in Geography
1
Countries of the World - No Outlines Minefield
2
Find the Landmarks A-Z
3
Lietuvos savivaldybės (Lithuanian Municipalities)
4
Blind Ultimate Minefield: World
5
Find the US States - No Outlines
6
Ultimate Geography Challenge 'A'
7
3, 2, 1 or 0: Land Borders
8
Complete the Map Snippet (Minefield) IX
9
Nickname Match: U.S. States
10
Complete the Map Snippet (Minefield) X
Explore More
Trending Topics
Marvel
Anime
Harry Potter
Crossword
Kpop
NBA
Disney
The Office
Song
NFL
Soccer
Puzzle
WWE
Pokémon
Country
hide this ad
More By:
MarcoMt
Quiz
Plays
Rating
Category
Featured
Created
Minnesota cities 2010
61
4.00
Geography
Oct 7, 2012
Billings streets
8
Geography
Aug 20, 2011
Go to Creator's Profile
Score Distribution
Quiz Creator Spotlight
MarcoMt
Follow
Send a Message
Quizzes Created
-
Created Quiz Play Count
-
More By This Creator
Popular Quizzes Today
1
Find the US States - No Outlines Minefield
2
Find the US States
3
The Countries of the World
4
10 Largest US States in Order
5
Find the Countries of Europe - No Outlines Minefield
6
US States
7
Guess the 'R' Things in 3 Words
8
NBA Finals Game Top Scorers (2010s)
More Geography Quizzes
Correctly Spelled State Capitals
Published
Trending Quizzes
First Name TV: Leading Men
Match the Book to the Film II
3-Word Movies in 1 Word II
First Name TV: Leading Women Drama
Match the Book to the Film VI
Recently Updated
Women's Final Four Teams by Year
bhenderson79
Presidents Quartet II
eogle
Anything But Clue(do)
eogle
Anything But Oceanian Capitals
eogle
Anything But 7
eogle
Anything But Thing
eogle
Word Ladder: February 29
pecheneg
Song Title Questions
pecheneg
Women's NCAA Tournament #1 Seeds
pecheneg
Celebrity Mug Shots
pecheneg
Trending Topics
Marvel
NBA
Crossword
Kpop
Anime
Disney
Harry Potter
WWE
Puzzle
NFL
Song
Country
The Office
Pokémon
Soccer
Your Account Isn't Verified!
In order to create a playlist on Sporcle, you need to verify the email address you used during registration. Go to your
Sporcle Settings
to finish the process.
Report this User
Report this user for behavior that violates our
Community Guidelines
.
Details:
Send Report
Go to the Sporcle.com Mobile Site →
Comments